00306 a2200133 450000100060000002000180000604000220002410000190004624000180006524500130008330000080009636200090010465000590011359746 a9783190016808 cAnchieta - Pituba aKopp, Gabriele10aPlanet 3lpor10aPlanet 3 a1600 a2012 4aLínguas germânicas (teutônicas) língua alemã